LEADER 01232nam0 2200313 450 001 000022712 005 20081203133417.0 100 $a20081027d1884----km-y0itaa50------ba 101 0 $aita 102 $aIT 200 1 $a<> istorie fiorentine$eridotte alla miglior lezione con le notizie della vita e delle opere dell'autore$fdi Niccolò Machiavelli 210 $aMilano$c<> Sonzogno$d1884 215 $a350 p.$d19 cm 300 $aSul front.: Vol. unico 300 $aSul front. firma autografa: Sergio de Pilato, 1888 607 $aFirenze$xStoria$xOrigini$zSec. 15. 676 $a945.51$v(21. ed.)$9Storia di Firenze (Prov.) e di Prato (Prov.) 700 1$aMachiavelli,$bNiccolò$0756705 801 0$aIT$bUniversità della Basilicata - B.I.A.$gRICA$2unimarc 912 $a000022712 996 $aIstorie fiorentine$91526144 997 $aUNIBAS BAS $aLETTERE CAT $aSTD069$b01$c20081027$lBAS01$h1129 CAT $aSTD069$b01$c20081027$lBAS01$h1129 CAT $aSTD069$b01$c20081118$lBAS01$h1452 CAT $aTTM$b30$c20081203$lBAS01$h1334 FMT Z30 -1$lBAS01$LBAS01$mBOOK$1BASA1$APolo Storico-Umanistico$2FDEP2$BFondo De Pilato Biscione$3FD/22712$6107406$5L107406$820081203$f52$FRari